| 000 | 01751ngm a22003610a 4500 | ||
|---|---|---|---|
| 001 | PT46531 | ||
| 003 | AR-LpoUNG | ||
| 005 | 20210201235956.0 | ||
| 007 | vd cvaizq | ||
| 008 | 191001s2011||||ag |||||||||||||||||spa d | ||
| 037 | _c$11 | ||
| 040 |
_aAR-LpoUNG _bspa _cAR-LpoUNG _eaacr |
||
| 041 | _aspa | ||
| 044 | _aag | ||
| 082 | 0 | _a306.734 557amo | |
| 100 | 1 |
_aHernández, Paula _edir. |
|
| 245 | 1 | 3 | _aUn amor |
| 260 |
_aBuenos Aires : _bAVH, _c2011. |
||
| 300 | _aDVD (100 min.) : son., col. | ||
| 505 | 0 | _aGuión: Paula Hernández, Leonel D'Agostino. Estreno 10/11/2011. Protagonistas: Diego Peretti, Elena Roger, Luis Ziembrowski. | |
| 520 | _aVacaciones. Un pueblo chico, calles de tierra y cunetas en las que crecen pastos de la altura de un hombre. Una calle principal, un río y un balneario que apaciguan algo más que el calor de aquel verano de los '70. Lalo y Bruno son adolescentes. Dos adolescentes haciendo nada en medio de la nada. Pero en una tarde húmeda y sin pedir permiso, llega Lisa, arrasando con la monotonía del pueblo. Hasta ese momento, ni Lalo ni Bruno, protegidos en las murallas endebles de un mundo de varones, habían visto nada igual. Treinta años más tarde, lejos de esa inocencia engañosa propia de la adolescencia, Lisa vuelve a irrumpir en esas dos vidas adultas con la misma impronta que a los catorce, produciendo un temor nuevo e inmanejable, aunque teñido por la huella que el tiempo deja en cada uno de los seres vivos. | ||
| 650 | 4 | _aADOLESCENTES | |
| 650 | 4 | _aDRAMA | |
| 650 | 4 | _aJUVENTUD | |
| 650 | 4 | _aRELACIONES HUMANAS | |
| 651 | 4 | _aArgentina | |
| 653 | _aCINE ARGENTINO | ||
| 653 | _aDVD | ||
| 653 | _aROMANTICA | ||
| 653 | _aVIDEOS | ||
| 905 | _a46531 | ||
| 942 | _cDVD | ||
| 999 |
_c53901 _d53901 |
||